| 000 | 01708nam a2200421 c 4500 | ||
|---|---|---|---|
| 999 |
_c77631 _d77631 |
||
| 003 | BLK | ||
| 005 | 20241005005450.0 | ||
| 008 | 180408b bul|||||r ||||||| ||bul|| | ||
| 010 | _aKNG00082090000 | ||
| 020 | _a978-84-9819-892-8 | ||
| 020 | _a978-84-9819-890-4 | ||
| 040 | _aBLK | ||
| 041 |
_aBUL _cBUL |
||
| 080 |
_aМузиканти-творци, композитори _b78.071.1 _x(436)(092) _z78.071.1(436)(092) |
||
| 080 |
_aАвстрийски композитор _b929 Моцарт, Волфганг Амадеус _z929 Моцарт, Волфганг Амадеус |
||
| 139 |
_aШитаж, Анджей _bМ 93 |
||
| 245 | 1 | 0 |
_aВолфганг Амадеус Моцарт _cавт. на текста Анджей Шитаж; прев. Милен Гочев Митев. |
| 257 | _aAUT | ||
| 260 |
_bMediasat Group, S. A. _c2007 _fОтпеч. в ЕС |
||
| 300 |
_a43 с. _bс цв ил. _c13Х14 см _eCD |
||
| 380 | _a7 | ||
| 490 | 1 |
_aШедьоври на класиката _v2 |
|
| 500 | _aКн. е с CD 1650 | ||
| 600 | 0 |
_aМоцарт, Волфганг Амадеус _d1756 - 1791 _9368558 |
|
| 650 | 4 |
_aКомпозитори, австрийски _9248548 |
|
| 651 | 4 |
_aАвстрия _9245450 |
|
| 653 | _aавстрийски композитори | ||
| 653 | _aВолфганг Амадеус Моцарт | ||
| 700 | 1 |
_aШитаж, Анджей _eавт. на текста _9143526 |
|
| 700 | 1 |
_aМитев, Милен Гочев _eпрев. _9298399 |
|
| 852 | _aЦб І 32932 | ||
| 856 | 4 | _qpdf | |
| 856 | 4 | _qpdf | |
| 942 |
_cKNG _n0 _s1 |
||
| 944 |
_aCR _c10.03.2008 _k _lCRON CRON |
||
| 944 |
_aED _c08.01.2018 _kИрена_Линкова |
||
| 999 | _d77631 | ||